000 00267nam a2200109Ia 4500
008 220204s9999 xx 000 0 und d
082 _a054
_bROD
245 0 _aChemistry of carbon compounds.
260 _aAmsterdam
_bElsevier
_c1951
700 _aRodd, E H
942 _cBK
999 _c19684
_d19684